Pusaran Kasih

Bibliographic Details
Main Author: Jamal Sudin
Format: Book
Published: Kuala Lumpur rative Enterprise , 1995

MARC

LEADER 00000cam a2200000 7i4500
001 0000007450
002 000008009
005 20000330.0
020 |a 9838932531 
090 0 0 |a F   |b JAM 
100 0 |a Jamal Sudin 
245 1 0 |a Pusaran Kasih   |c Jamal Sudin 
260 |a Kuala Lumpur rative Enterprise ,   |c 1995 
300 |a 175p. ;   |c 18cm. 
999 |a 052168   |b BUKU   |c PINJAMAN   |e PERPUSTAKAAN KOMUNITI PETALING JAYA 
999 |a 052169   |b BUKU   |c PINJAMAN   |e PERPUSTAKAAN KOMUNITI PETALING JAYA 
999 |a 052170   |b BUKU   |c PINJAMAN   |e PERPUSTAKAAN KOMUNITI PETALING JAYA 
999 |a 055411   |b BUKU   |c FICTION   |e PERPUSTAKAAN KOMUNITI CAW KOTA DAMANSARA 
999 |a 055412   |b BUKU   |c PINJAMAN   |e PERPUSTAKAAN KOMUNITI CAW KOTA DAMANSARA